000 00667nam a2200205 i 4500
001 59066
003 ES-MaACL
005 20230906163943.0
007 t|
008 031027s1964 sp ||||1| baq d
100 1 _aEchagaray, José Vicente de.
_946484
245 1 0 _aFestara
_b: (Berebertso guzin bilduma) /
_cJosé Vicente de Echagaray ; (biltzallea, A. Zavala).
260 _aSan Sebastián :
_bAuspoa Liburutegia,
_c1964.
300 _a271 p. ;
_c18 cm.
490 1 _aAuspoa liburutegia ;
_v35-36
700 1 _aZavala, Antonio.
_9118104
830 0 _aAuspoa liburutegia ;
_v35-36
_9181493
852 _aES-MaACL
_jC-26243
_bR.54391
999 _c59066
_d59066